000 00668nam a2200217 4500
003 OSt
005 20240703013837.0
006 a
008 240703b |||||||| |||| 00| 0 eng d
020 _a0471274577
040 _aDWCL-HMN lib.
_cOC
082 _2Eighth edition
_aCirc. 647.94 P888i 2006
100 _aPowers, Tom
245 _aIntroduction to management in the hospitality industry /
250 _aEighth edition
260 _aN. J. :
_bJohn Wiley & Sons, Inc.,
_cc2006.
300 _axx,
_b667 p. : col. ill. ;
_c24 cm.
504 _aIncludes index.
650 _a1. Hospitality industry-Management.
942 _2ddc
_n0
_cBK-CIRC
_eEighth edition
_kCirc.
999 _c1840
_d1840